[Event "53rd Rilton Cup 2025-26"]
[Site "Stockholm SWE"]
[Date "2025.12.29"]
[Round "3.2"]
[White "Dai, Changren"]
[Black "Yang, Zilong"]
[Result "1/2-1/2"]
[WhiteTitle "GM"]
[BlackTitle "FM"]
[WhiteElo "2551"]
[BlackElo "2386"]
[WhiteFideId "8608156"]
[BlackFideId "8641528"]
[EventDate "2025.12.27"]

1. d4 Nf6 2. c4 e6 3. Nc3 Bb4 4. e3 O-O 5. Bd3 d5 6. a3 Bxc3+ 7. bxc3 c5 8. cxd5
exd5 9. Ne2 b6 10. O-O Ba6 11. Bxa6 Nxa6 12. Qd3 Nc7 13. Bb2 cxd4 14. Nxd4 Rc8
15. c4 dxc4 16. Qxc4 Ne6 17. Qe2 Nxd4 18. Bxd4 Qe7 19. Qb2 Rc6 20. a4 h6 21. a5
bxa5 22. Rxa5 a6 23. Rfa1 Ra8 24. h3 Ne8 25. Be5 Rc5 26. Bd4 Rc6 27. Rb5 Nd6 28.
Rb6 Nc4 29. Rb8+ Rxb8 30. Qxb8+ Kh7 31. Qa8 Qe6 32. Qf8 f6 33. Qb8 Qe4 34. Kh2
Qf5 35. Qb7 Qb5 36. Qxb5 axb5 37. Ra8 Nd2 38. h4 Nb3 39. Rb8 Nxd4 40. exd4 Rd6
41. Rxb5 Rxd4 42. g3 1/2-1/2

[Event "53rd Rilton Cup 2025-26"]
[Site "Stockholm SWE"]
[Date "2025.12.29"]
[Round "3.3"]
[White "Sidhant, Mohapatra"]
[Black "Li, Di"]
[Result "1/2-1/2"]
[WhiteTitle "IM"]
[BlackTitle "GM"]
[WhiteElo "2388"]
[BlackElo "2549"]
[WhiteFideId "5028698"]
[BlackFideId "8607508"]
[EventDate "2025.12.27"]

1. e4 c5 2. Nf3 d6 3. d4 cxd4 4. Qxd4 Nc6 5. Qd3 g6 6. Nc3 Bg7 7. Be2 Bg4 8. Be3
Qa5 9. O-O Bxf3 10. Bxf3 Bxc3 11. bxc3 Ne5 12. Qd1 Nf6 13. Rb1 O-O 14. Rxb7 Rfe8
15. Bd4 Qxa2 16. Be2 Nxe4 17. f4 Nc6 18. Bb5 Rac8 19. Qd3 Nxd4 20. Qxd4 Nxc3 21.
Bd3 Qa5 22. Rxa7 Qc5 23. Qxc5 Rxc5 24. Re1 Kf8 25. g3 e5 26. Rd7 exf4 27. Rxe8+
Kxe8 28. Rxd6 fxg3 29. hxg3 Nd5 30. c4 Ne3 31. Rd4 Nf5 32. Re4+ Kd7 33. Kf2 h5
34. Rf4 Ke6 35. g4 hxg4 36. Rxg4 Kf6 37. Ke2 Ng7 38. Kd2 Ne6 39. Kc3 Rc7 40. Be4
Nc5 41. Bd5 Kg7 42. Rg1 f5 43. Rb1 f4 44. Kd4 Kf6 45. Rb5 Nd7 46. c5 g5 47. c6
Ne5 48. Kc5 g4 49. Kd6 Rxc6+ 50. Bxc6 Nxc6 51. Kd5 Kf5 52. Kxc6+ Ke4 53. Rb4+
Ke5 54. Rb5+ Ke4 55. Rb4+ Ke5 56. Rb5+ 1/2-1/2

[Event "53rd Rilton Cup 2025-26"]
[Site "Stockholm SWE"]
[Date "2025.12.29"]
[Round "3.4"]
[White "Raczek, Krzysztof"]
[Black "Bhagat Kush"]
[Result "1/2-1/2"]
[WhiteTitle "IM"]
[BlackTitle "FM"]
[WhiteElo "2489"]
[BlackElo "2381"]
[WhiteFideId "21005303"]
[BlackFideId "46672940"]
[EventDate "2025.12.27"]

1. c4 c6 2. Nf3 d5 3. g3 Nf6 4. Bg2 Bf5 5. Qb3 Qb6 6. d3 e6 7. Be3 Qa6 8. Nbd2
Nbd7 9. Nh4 Bg6 10. h3 Bd6 11. O-O O-O 12. Nxg6 hxg6 13. Rac1 Rac8 14. a3 b5 15.
c5 Bc7 16. Nf3 e5 17. Ng5 Bd8 18. Qa2 Qb7 19. Bd2 Be7 20. b4 a5 21. e4 axb4 22.
axb4 Ra8 23. Qb3 d4 24. Ra1 Nh5 25. h4 Ra7 26. Bh3 Bxg5 27. hxg5 Rfa8 28. Qb2
Nf8 29. Kg2 Qe7 30. Rxa7 Qxa7 31. Rb1 Qa2 32. Qxa2 Rxa2 33. Bc1 f6 34. Bc8 Ra7
35. Rb3 Kf7 36. Ra3 Rxa3 37. Bxa3 Ke7 38. gxf6+ gxf6 39. Bg4 Ng7 40. Bc1 g5 41.
Bd1 Nfe6 42. Kh3 Kd7 43. Kg4 Ke7 44. Bb3 Kd7 45. f4 gxf4 46. gxf4 Nxf4 47. Bxf4
exf4 48. Kxf4 Nh5+ 49. Kf5 Ke7 50. e5 1/2-1/2

[Event "53rd Rilton Cup 2025-26"]
[Site "Stockholm SWE"]
[Date "2025.12.29"]
[Round "3.5"]
[White "Vestby-Ellingsen, Mads"]
[Black "Dotzer, Lukas"]
[Result "1/2-1/2"]
[WhiteTitle "IM"]
[BlackTitle "IM"]
[WhiteElo "2385"]
[BlackElo "2478"]
[WhiteFideId "1520857"]
[BlackFideId "1666975"]
[EventDate "2025.12.27"]

1. c4 Nf6 2. Nc3 e6 3. Nf3 d5 4. e3 dxc4 5. Bxc4 a6 6. O-O b5 7. Be2 Bb7 8. b3
Be7 9. Bb2 O-O 10. Rc1 c5 11. a4 b4 12. Nb1 Nbd7 13. d3 Nd5 14. Re1 Bf6 15. Qc2
Rc8 16. Bf1 Qe7 17. Nfd2 h5 18. g3 Bxb2 19. Qxb2 N5f6 20. Nc4 Rfd8 21. Red1 Bf3
22. Be2 Ba8 23. Bf1 Bf3 24. Be2 Bd5 25. Ncd2 Qd6 26. Qc2 Ng4 27. Ne4 Qb8 28.
Nbd2 f5 29. Ng5 Qe5 30. Ndf3 Qf6 31. h4 Nde5 32. Nxe5 Qxe5 33. d4 Qb8 34. Bxa6
Nxe3 35. Qe2 Nxd1 36. Bxc8 Rxc8 37. Qxh5 Nc3 38. Qf7+ Kh8 39. Qh5+ Kg8 40. Qf7+
Kh8 41. Qh5+ 1/2-1/2

[Event "53rd Rilton Cup 2025-26"]
[Site "Stockholm SWE"]
[Date "2025.12.29"]
[Round "3.6"]
[White "Delgerdalai, Bayarjavkhlan"]
[Black "Trost, Edvin"]
[Result "1-0"]
[WhiteTitle "FM"]
[BlackTitle "IM"]
[WhiteElo "2376"]
[BlackElo "2466"]
[WhiteFideId "23727276"]
[BlackFideId "1729519"]
[EventDate "2025.12.27"]

1. Nf3 d5 2. e3 Nf6 3. c4 e6 4. b3 c5 5. Bb2 Nc6 6. cxd5 exd5 7. Bb5 Bd6 8. O-O
O-O 9. d4 cxd4 10. Nxd4 Bc7 11. Nd2 Qd6 12. N2f3 Ng4 13. Nxc6 bxc6 14. Qd4 f6
15. Bxc6 Qxc6 16. Rfc1 Qb7 17. Rxc7 Qxc7 18. Qxd5+ Kh8 19. Qxa8 Qc2 20. Rc1
Qxf2+ 21. Kh1 Nxe3 22. Ng1 Qf5 23. Qf3 Qg5 24. Nh3 Qh6 25. Qa8 Nc4 26. Rxc4 Qd2
27. Rxc8 1-0

[Event "53rd Rilton Cup 2025-26"]
[Site "Stockholm SWE"]
[Date "2025.12.29"]
[Round "3.7"]
[White "Zhalmakhanov, Ramazan"]
[Black "Kienboeck, Benjamin"]
[Result "1-0"]
[WhiteTitle "GM"]
[BlackTitle "FM"]
[WhiteElo "2454"]
[BlackElo "2306"]
[WhiteFideId "13706357"]
[BlackFideId "1649353"]
[EventDate "2025.12.27"]

1. c4 Nf6 2. Nc3 e5 3. g3 Bb4 4. e4 Bxc3 5. dxc3 O-O 6. f3 c6 7. Qd6 Re8 8. Bh3
Qe7 9. Qxe7 Rxe7 10. Bg5 Na6 11. O-O-O Nc7 12. Bxf6 gxf6 13. Rd6 Ne8 14. Rd2 d6
15. Bxc8 Rxc8 16. g4 Rd8 17. Ne2 Red7 18. Ng3 Ng7 19. Rhd1 Kf8 20. h4 h6 21. Nf1
Ke7 22. h5 Ne6 23. Ne3 Ng7 24. Kc2 Ke6 25. b4 a6 26. a4 Ra8 27. a5 Rc8 28. Rb1
Rdc7 29. Rd3 Ra8 30. c5 Rd8 31. Nc4 Ne8 32. Rbd1 Rcd7 33. cxd6 Nxd6 34. Nb6 Rc7
35. c4 c5 36. Na4 cxb4 37. c5 1-0

[Event "53rd Rilton Cup 2025-26"]
[Site "Stockholm SWE"]
[Date "2025.12.29"]
[Round "3.8"]
[White "Seiger, Vidar"]
[Black "Xie, Kaifan"]
[Result "0-1"]
[WhiteTitle "CM"]
[BlackTitle "IM"]
[WhiteElo "2137"]
[BlackElo "2426"]
[WhiteFideId "1756079"]
[BlackFideId "8619107"]
[EventDate "2025.12.27"]

1. e4 c6 2. d4 d5 3. e5 Bf5 4. Nd2 e6 5. Nb3 Nd7 6. Nf3 c5 7. dxc5 Bxc5 8. Nxc5
Qa5+ 9. c3 Qxc5 10. Nd4 Ne7 11. Bb5 Qc7 12. O-O Bg6 13. h4 h6 14. h5 Bf5 15. Re1
O-O 16. Bxd7 Qxd7 17. Qf3 Kh8 18. g4 Bh7 19. Qg3 Rac8 20. g5 Nf5 21. Nxf5 Bxf5
22. gxh6 Rg8 23. h7 Kxh7 24. Be3 Rc4 25. Bd4 g5 26. Kh2 Qe7 27. Qe3 g4 28. Kg3
Rg5 29. Qf4 Rc8 30. Be3 Rcg8 31. Qb4 Qxb4 32. cxb4 Rxh5 33. Rh1 Rh3+ 34. Kf4 Rg6
35. f3 Kg7 36. Rxh3 gxh3 37. Rg1 h2 38. Rh1 Rg2 39. Bxa7 Rxb2 40. Kg3 Rxa2 41.
Bc5 Ra3 42. Rxh2 f6 43. Bd6 fxe5 44. Bxe5+ Kf7 45. Kf4 Ra4 46. Bd6 Ke8 47. Rg2
d4 48. Bc5 d3 49. Ke5 Kd7 50. Kd4 Kc6 51. Kc4 b5+ 52. Kd4 Ra1 53. Rf2 Re1 54.
Be7 e5+ 55. Kc3 Kd5 56. Kd2 Rb1 57. Ke3 Re1+ 58. Kd2 Ra1 59. Ke3 Rb1 60. Bf8 Kc4
61. Bd6 Kd5 62. Bf8 Rb3 63. Be7 Bg6 64. Rd2 Kc4 65. Bd6 Kd5 66. Be7 Kc4 67. Bd6
Rb1 68. Rg2 Bf7 69. Rg4+ e4 70. fxe4 Re1+ 71. Kd2 Re2+ 72. Kc1 Re1+ 73. Kd2 Re2+
74. Kc1 Rc2+ 75. Kb1 Bh5 76. Rg1 Re2 77. Bg3 d2 78. Kc2 d1=Q+ 79. Kxd1 Rg2+ 0-1

[Event "53rd Rilton Cup 2025-26"]
[Site "Stockholm SWE"]
[Date "2025.12.29"]
[Round "3.9"]
[White "Demchenko, Anton"]
[Black "Goh, Zi Han"]
[Result "1-0"]
[WhiteTitle "GM"]
[BlackTitle "FM"]
[WhiteElo "2631"]
[BlackElo "2370"]
[WhiteFideId "4160258"]
[BlackFideId "5819156"]
[EventDate "2025.12.27"]

1. e4 g6 2. d4 d6 3. Bd3 e5 4. dxe5 dxe5 5. Nf3 Bg7 6. O-O Nd7 7. Qe2 Ngf6 8. b3
O-O 9. Rd1 h6 10. a4 Re8 11. Na3 c6 12. Nc4 Qc7 13. a5 Nh5 14. Qe3 Nf4 15. Ba3
b5 16. axb6 axb6 17. Bd6 Rxa1 18. Rxa1 Qd8 19. Ra7 b5 20. Bc7 Qf6 21. Nd6 Rf8
22. Ra8 Ne6 23. Ba5 Qe7 24. Nxc8 Qa3 25. Bf1 Kh7 26. b4 1-0

[Event "53rd Rilton Cup 2025-26"]
[Site "Stockholm SWE"]
[Date "2025.12.29"]
[Round "3.10"]
[White "Avinash, Ramesh"]
[Black "Hammer, Jon Ludvig"]
[Result "1/2-1/2"]
[WhiteTitle "IM"]
[BlackTitle "GM"]
[WhiteElo "2370"]
[BlackElo "2606"]
[WhiteFideId "45018340"]
[BlackFideId "1503707"]
[EventDate "2025.12.27"]

1. e4 c6 2. d4 d5 3. Nc3 dxe4 4. Nxe4 Nf6 5. Nxf6+ exf6 6. c3 Bd6 7. Bd3 O-O 8.
Qc2 g6 9. Ne2 c5 10. Be3 Qc7 11. dxc5 Bxc5 12. Bxc5 Qxc5 13. O-O Nc6 14. Be4 Re8
15. Bxc6 bxc6 16. Rfe1 Bb7 17. Ng3 f5 18. Qd2 Qd5 19. Qxd5 Rxe1+ 20. Rxe1 cxd5
21. Ne2 Re8 22. f3 d4 23. cxd4 Re3 24. Kf2 Rd3 25. Nc3 Rd2+ 26. Re2 Rxd4 27. Ke3
Rd7 28. Re1 g5 29. Rd1 f4+ 30. Kf2 Rxd1 31. Nxd1 Kg7 32. Nc3 Kf6 33. b4 Ke5 34.
a4 Bc6 35. b5 Bb7 36. a5 Kd6 37. Na4 Ba8 38. g3 f5 39. gxf4 gxf4 40. h4 h6 41.
h5 Bd5 42. Nc3 Bf7 43. b6 axb6 44. axb6 Bxh5 45. Nd5 Kc6 46. Ne7+ Kxb6 47. Nxf5
Kc5 48. Nxh6 Kd4 49. Nf5+ Ke5 50. Nh4 Kf6 51. Ng2 Kg5 52. Nxf4 Kxf4 53. Ke1 Kxf3 1/2-1/2

[Event "53rd Rilton Cup 2025-26"]
[Site "Stockholm SWE"]
[Date "2025.12.29"]
[Round "3.11"]
[White "Ritviz, Parab"]
[Black "Meshkovs, Nikita"]
[Result "0-1"]
[WhiteTitle "IM"]
[BlackTitle "GM"]
[WhiteElo "2369"]
[BlackElo "2561"]
[WhiteFideId "5073367"]
[BlackFideId "11602740"]
[EventDate "2025.12.27"]

1. e4 c5 2. Nf3 a6 3. c3 d5 4. exd5 Qxd5 5. d4 e6 6. Bd3 Nf6 7. O-O cxd4 8. cxd4
Be7 9. Bg5 Nc6 10. Nc3 Qd8 11. Rc1 O-O 12. Bb1 Bd7 13. a3 Nd5 14. Qd3 g6 15. Bh6
Re8 16. Ne4 Qb6 17. b4 Ncxb4 18. axb4 Bb5 19. Qd1 Bxf1 20. Kxf1 Qxb4 21. Bd3 b5
22. Bd2 Qa3 23. Ne5 Rec8 24. Rxc8+ Rxc8 25. Qf3 f5 26. Ke2 Qb2 27. Qg3 fxe4 28.
Nxg6 hxg6 29. Qxg6+ Kf8 0-1

[Event "53rd Rilton Cup 2025-26"]
[Site "Stockholm SWE"]
[Date "2025.12.29"]
[Round "3.12"]
[White "Heberla, Bartlomiej"]
[Black "Falkevall, Axel"]
[Result "1/2-1/2"]
[WhiteTitle "GM"]
[BlackTitle "FM"]
[WhiteElo "2508"]
[BlackElo "2365"]
[WhiteFideId "1115120"]
[BlackFideId "1735560"]
[EventDate "2025.12.27"]

1. d4 Nf6 2. Bg5 g6 3. Bxf6 exf6 4. c4 d5 5. cxd5 Qxd5 6. Nc3 Qd8 7. h4 h5 8. g3
Bd6 9. Bh3 f5 10. e3 Nd7 11. Nge2 c6 12. Nf4 Nf6 13. Qb3 Bxf4 14. gxf4 Qe7 15.
Bg2 Be6 16. Qa3 Qxa3 17. bxa3 Rc8 18. Rb1 b6 19. a4 Nd5 20. Bxd5 Bxd5 21. O-O
Bc4 22. Rfd1 O-O 23. f3 Rb8 24. a3 a5 25. Rb2 b5 26. Rdb1 Bd3 27. Rd1 Bc4 28.
Rdb1 Bd3 29. Rd1 Bc4 30. Rdb1 Bd3 1/2-1/2

[Event "53rd Rilton Cup 2025-26"]
[Site "Stockholm SWE"]
[Date "2025.12.29"]
[Round "3.13"]
[White "Ghasi, Ameet K"]
[Black "Zielonka, Adam"]
[Result "1/2-1/2"]
[WhiteTitle "GM"]
[BlackTitle "FM"]
[WhiteElo "2500"]
[BlackElo "2348"]
[WhiteFideId "409200"]
[BlackFideId "21002096"]
[EventDate "2025.12.27"]

1. Nf3 Nf6 2. c4 b6 3. g3 Bb7 4. Bg2 e6 5. O-O Be7 6. d4 O-O 7. h4 d6 8. Qc2 c5
9. dxc5 bxc5 10. Nc3 Nc6 11. Rd1 Qb6 12. b3 Rfd8 13. Bb2 h6 14. Rac1 Rac8 15.
Qb1 Nb4 16. Rd2 d5 17. Na4 Qa5 18. a3 Na6 19. Bc3 Qc7 20. Be5 Qa5 21. cxd5 exd5
22. Bh3 Rc6 23. Rdc2 Ne4 24. e3 Bc8 25. Bxc8 Rcxc8 26. Nc3 Nxc3 27. Bxc3 Qb6 28.
b4 cxb4 29. Bd4 Qb7 30. Rxc8 Rxc8 31. Rxc8+ Qxc8 32. axb4 Nxb4 33. Bxa7 Nc6 34.
Bd4 Nxd4 35. Nxd4 Bf6 36. Nf3 g6 37. Kg2 h5 38. Qd3 Qe6 39. Nd2 Bxh4 40. gxh4
Qg4+ 41. Kf1 Qd1+ 42. Kg2 Qg4+ 43. Kf1 Qd1+ 44. Kg2 1/2-1/2

[Event "53rd Rilton Cup 2025-26"]
[Site "Stockholm SWE"]
[Date "2025.12.29"]
[Round "3.14"]
[White "Fecker, Noah"]
[Black "Blomqvist, Erik"]
[Result "1-0"]
[WhiteTitle "FM"]
[BlackTitle "GM"]
[WhiteElo "2365"]
[BlackElo "2490"]
[WhiteFideId "1334263"]
[BlackFideId "1709437"]
[EventDate "2025.12.27"]

1. e4 e6 2. d4 d5 3. e5 c5 4. c3 Nc6 5. Nf3 Nh6 6. Bd3 Nf5 7. dxc5 Nh4 8. Nxh4
Qxh4 9. Qe2 Bxc5 10. Nd2 Bb6 11. Nf3 Qh5 12. g4 Qxg4 13. Rg1 Qh5 14. Rg5 Qh3 15.
Rg3 Qh5 16. Rg5 Qh3 17. Rxg7 h6 18. Bf4 Bd7 19. O-O-O O-O-O 20. Rdg1 Qh5 21.
R1g4 f6 22. exf6 e5 23. Rh4 Qe8 24. Nxe5 Nxe5 25. Bxe5 Qe6 26. Rf4 Rhe8 27. f7
Rf8 28. Rg6 Qh3 29. Rc6+ 1-0

[Event "53rd Rilton Cup 2025-26"]
[Site "Stockholm SWE"]
[Date "2025.12.29"]
[Round "3.15"]
[White "Sengupta, Deep"]
[Black "Schippke, Manon"]
[Result "1-0"]
[WhiteTitle "GM"]
[BlackTitle "WIM"]
[WhiteElo "2479"]
[BlackElo "2337"]
[WhiteFideId "5008352"]
[BlackFideId "45100446"]
[EventDate "2025.12.27"]

1. Nf3 Nf6 2. c4 g6 3. b3 Bg7 4. Bb2 d6 5. g3 O-O 6. Bg2 e5 7. O-O c5 8. Nc3 Nc6
9. Ne1 h5 10. a3 h4 11. Nd5 Nxd5 12. cxd5 Ne7 13. b4 cxb4 14. axb4 Nf5 15. Nc2
Bd7 16. Na3 Rc8 17. e3 h3 18. Bh1 a5 19. bxa5 Qxa5 20. Qe2 b5 21. Rfb1 b4 22.
Nc4 Qd8 23. Na5 Ne7 24. d3 Rb8 25. Rc1 Rb5 26. Nc6 Bxc6 27. dxc6 d5 28. Ra7 Qd6
29. d4 Rbb8 30. Qg4 e4 31. Rd7 Qf6 32. c7 Rbc8 33. Qxh3 Rfe8 34. Bg2 Bf8 35. Bf1
Qb6 36. Qg4 Qb7 37. Qe2 Qb6 38. Qa6 Qxa6 39. Bxa6 Ra8 40. Rxe7 1-0

[Event "53rd Rilton Cup 2025-26"]
[Site "Stockholm SWE"]
[Date "2025.12.29"]
[Round "3.16"]
[White "Cieslak, Patryk"]
[Black "Otsuka, Shou"]
[Result "1/2-1/2"]
[WhiteTitle "IM"]
[BlackTitle "FM"]
[WhiteElo "2477"]
[BlackElo "2335"]
[WhiteFideId "21078882"]
[BlackFideId "7004702"]
[EventDate "2025.12.27"]

1. e4 e5 2. Nf3 Nc6 3. Bc4 Nf6 4. d3 Be7 5. Nc3 d6 6. a3 O-O 7. Be3 Be6 8. Ng5
Qd7 9. Nxe6 fxe6 10. Ba2 Kh8 11. Bg5 h6 12. Bd2 Nh7 13. Ne2 Bg5 14. Bc3 Rxf2 15.
Kxf2 Qf7+ 16. Nf4 Qxf4+ 17. Ke1 Bh4+ 18. g3 Bxg3+ 19. hxg3 Qxg3+ 20. Kd2 Qg5+
21. Ke1 Qg3+ 22. Kd2 Qg5+ 23. Ke1 Qg3+ 1/2-1/2

[Event "53rd Rilton Cup 2025-26"]
[Site "Stockholm SWE"]
[Date "2025.12.29"]
[Round "3.17"]
[White "Hari, Madhavan N B"]
[Black "Willow, Jonah B"]
[Result "1/2-1/2"]
[WhiteTitle "IM"]
[BlackTitle "IM"]
[WhiteElo "2363"]
[BlackElo "2473"]
[WhiteFideId "25054309"]
[BlackFideId "438804"]
[EventDate "2025.12.27"]

1. d4 Nf6 2. Nf3 g6 3. g3 Bg7 4. Bg2 d6 5. O-O O-O 6. b3 b5 7. a4 b4 8. Ne1 c6
9. a5 Na6 10. Bxc6 Rb8 11. Bg2 Rb5 12. Bb2 Rxa5 13. Nd2 d5 14. Nd3 Rxa1 15. Qxa1
Qb6 16. e4 dxe4 17. Nxe4 Nxe4 18. Bxe4 Nc7 19. Qa4 Bh3 20. Re1 a5 21. Qc6 Qxc6
22. Bxc6 Ne6 23. d5 Bxb2 24. dxe6 Bc3 25. exf7+ Kxf7 26. Re2 Rd8 27. Be4 Kf6 28.
Bg2 Bg4 29. Re3 Bd1 30. Nc5 Kf7 31. Bf1 Bxc2 32. Bc4+ Ke8 33. Bb5+ Kf7 34. Bc4+
Kf6 35. Rf3+ Ke5 36. Re3+ Kf6 37. Rf3+ Ke5 38. Re3+ 1/2-1/2

[Event "53rd Rilton Cup 2025-26"]
[Site "Stockholm SWE"]
[Date "2025.12.29"]
[Round "3.18"]
[White "Rozentalis, Eduardas"]
[Black "Kacprzak, Karol"]
[Result "1/2-1/2"]
[WhiteTitle "GM"]
[BlackTitle "FM"]
[WhiteElo "2461"]
[BlackElo "2323"]
[WhiteFideId "12800023"]
[BlackFideId "21819327"]
[EventDate "2025.12.27"]

1. e4 c5 2. c3 Nf6 3. e5 Nd5 4. Nf3 e6 5. Bc4 d6 6. O-O Nc6 7. d4 cxd4 8. cxd4
Be7 9. exd6 Qxd6 10. Nc3 O-O 11. Re1 Rd8 12. Bb3 Nf6 13. Nb5 Qd7 14. Bf4 a6 15.
Nc7 Ra7 16. d5 exd5 17. Rc1 Bb4 18. Re2 Bd6 19. Bxd6 Qxd6 20. Nxd5 Bg4 21. Ne7+
Kf8 22. Nxc6 bxc6 23. Rd2 Nd5 24. Rd4 Bxf3 25. Qxf3 Rad7 26. g3 Qg6 27. Rcd1 Qf6
28. Qxf6 Nxf6 29. Rxd7 Rxd7 30. Rxd7 Nxd7 31. f4 Ke7 32. Kf2 f5 33. Ke3 Kd6 34.
Bc2 g6 35. b4 c5 36. bxc5+ Kxc5 37. Bb3 Nf6 38. h3 Kd6 39. Kd4 Nh5 40. Bg8 Ke7
41. Bxh7 Kf7 42. g4 fxg4 43. hxg4 Nxf4 44. Ke4 1/2-1/2

[Event "53rd Rilton Cup 2025-26"]
[Site "Stockholm SWE"]
[Date "2025.12.29"]
[Round "3.19"]
[White "Katsanis, Vasileios Dim"]
[Black "Sardana, Rishi"]
[Result "1/2-1/2"]
[WhiteTitle "FM"]
[BlackTitle "IM"]
[WhiteElo "2336"]
[BlackElo "2459"]
[WhiteFideId "42121159"]
[BlackFideId "25004301"]
[EventDate "2025.12.27"]

1. d4 Nf6 2. c4 e6 3. Nc3 d5 4. cxd5 exd5 5. Bg5 Be7 6. e3 h6 7. Bh4 O-O 8. Bd3
c6 9. Qc2 Ne8 10. Bxe7 Qxe7 11. Nf3 Nd6 12. O-O Be6 13. Ne5 Nd7 14. f4 Nf6 15.
Rae1 g6 16. Qf2 Kg7 17. Qh4 Rfe8 18. h3 Bf5 19. g4 Bxd3 20. Nxd3 Nfe4 21. Qxe7
Rxe7 22. Nxe4 Nxe4 23. Kg2 Rae8 24. Re2 f6 25. Kf3 h5 26. Nf2 Nd6 27. Rg1 Nb5
28. Rge1 a5 29. a4 hxg4+ 30. hxg4 Nc7 31. f5 gxf5 32. gxf5 Rh8 33. Rh1 Rxh1 34.
Nxh1 Ne8 35. Ng3 Nd6 36. b3 b5 37. Ra2 Rb7 38. Kf4 bxa4 39. Rxa4 Rb5 40. Ra3 Kf7
41. Kf3 Ke7 42. Kg4 c5 43. dxc5 Rxc5 44. Ne2 Nf7 45. Nd4 Ne5+ 46. Kf4 Rc1 47.
Kg3 Rc3 48. Kf4 Rc1 49. Kg3 Rc3 50. Kf4 Rc1 1/2-1/2

[Event "53rd Rilton Cup 2025-26"]
[Site "Stockholm SWE"]
[Date "2025.12.29"]
[Round "3.20"]
[White "Priansh, Das"]
[Black "Sowinski, Pawel"]
[Result "1-0"]
[WhiteTitle "FM"]
[BlackTitle "IM"]
[WhiteElo "2312"]
[BlackElo "2436"]
[WhiteFideId "45029946"]
[BlackFideId "21881979"]
[EventDate "2025.12.27"]

1. e4 c5 2. Nf3 d6 3. d4 cxd4 4. Nxd4 Nf6 5. Nc3 a6 6. Bg5 Nbd7 7. Qe2 b5 8. f4
b4 9. Nd5 Nxd5 10. exd5 Qc7 11. O-O-O Bb7 12. g4 Bxd5 13. Nf5 Be6 14. Bg2 Rc8
15. Nd4 Bc4 16. Qe3 f6 17. Bh4 e5 18. g5 Kf7 19. fxe5 dxe5 20. Nc6 e4 21. Qxe4
Be6 22. gxf6 Nxf6 23. Rhf1 Qxc6 24. Qxc6 Rxc6 25. Bxc6 Be7 26. Bd5 Bxd5 27. Rxd5
Rc8 28. Rd7 Kf8 29. Ra7 Rc6 30. Re1 Bc5 31. Rb7 h6 32. Re5 g5 33. Be1 a5 34. Bg3
Kg8 35. Rb5 Bb6 36. Re7 Nh5 37. Be5 Nf4 38. Rd7 Re6 39. Rd6 Be3+ 40. Kd1 Kf7 41.
Rb7+ 1-0

[Event "53rd Rilton Cup 2025-26"]
[Site "Stockholm SWE"]
[Date "2025.12.29"]
[Round "3.21"]
[White "Kavutskiy, Kostya"]
[Black "Senel, Hayri Beyhun"]
[Result "1-0"]
[WhiteTitle "IM"]
[BlackTitle "FM"]
[WhiteElo "2354"]
[BlackElo "2213"]
[WhiteFideId "2026384"]
[BlackFideId "26314690"]
[EventDate "2025.12.27"]

1. Nf3 d5 2. g3 Nf6 3. Bg2 e6 4. c4 Nbd7 5. b3 Be7 6. Bb2 O-O 7. O-O Re8 8. Nc3
b6 9. d4 Bb7 10. Rc1 a6 11. Ne1 Bd6 12. Nd3 Ne4 13. c5 bxc5 14. Nxe4 dxe4 15.
dxc5 Be7 16. c6 Bxc6 17. Rxc6 exd3 18. Qxd3 Bf6 19. Bxf6 Nxf6 20. Qxd8 Rexd8 21.
Rxc7 Nd5 22. Rc5 Rac8 23. Rxc8 Rxc8 24. Bxd5 exd5 25. Rd1 Rd8 26. Rd4 Kf8 27. e4
Ke7 28. exd5 1-0

[Event "53rd Rilton Cup 2025-26"]
[Site "Stockholm SWE"]
[Date "2025.12.30"]
[Round "4.1"]
[White "Xu, Xiangyu"]
[Black "Delgerdalai, Bayarjavkhlan"]
[Result "1-0"]
[WhiteTitle "GM"]
[BlackTitle "FM"]
[WhiteElo "2601"]
[BlackElo "2376"]
[WhiteFideId "8608288"]
[BlackFideId "23727276"]
[EventDate "2025.12.27"]

1. d4 d5 2. Nf3 Nf6 3. g3 e6 4. Bg2 b5 5. a4 b4 6. c4 bxc3 7. Nxc3 Be7 8. Bf4
Nh5 9. Bd2 O-O 10. O-O Nf6 11. Ne5 Nfd7 12. Nd3 Nc6 13. e3 Nb4 14. Nxb4 Bxb4 15.
Na2 Bd6 16. b4 Qe7 17. Qb3 Rb8 18. Rfc1 Nb6 19. Be1 Bd7 20. b5 a6 21. bxa6 Nxa4
22. Qc2 Ra8 23. Bf1 c5 24. Nc3 Nxc3 25. dxc5 Bxc5 26. Bxc3 Rfc8 27. Qd1 Ba3 28.
Rc2 Rxc3 29. Rxc3 Bb2 30. Rc7 Qd6 31. Rxd7 Qxd7 32. Rb1 Be5 33. Rb7 Qc6 34. Qh5
Bc7 35. Qh4 Bd6 36. Bb5 Qc5 37. Qa4 Ra7 38. Bf1 Kf8 39. Qd7 Bc7 40. Rb8+ Bxb8
41. Qd8# 1-0

[Event "53rd Rilton Cup 2025-26"]
[Site "Stockholm SWE"]
[Date "2025.12.30"]
[Round "4.2"]
[White "Xie, Kaifan"]
[Black "Zhalmakhanov, Ramazan"]
[Result "1/2-1/2"]
[WhiteTitle "IM"]
[BlackTitle "GM"]
[WhiteElo "2426"]
[BlackElo "2454"]
[WhiteFideId "8619107"]
[BlackFideId "13706357"]
[EventDate "2025.12.27"]

1. d4 Nf6 2. c4 e6 3. Nf3 d5 4. Nc3 Bb4 5. Bg5 h6 6. Bxf6 Qxf6 7. e3 c5 8. cxd5
exd5 9. Be2 O-O 10. O-O Be6 11. dxc5 Bxc3 12. bxc3 Nd7 13. Qd4 Rfc8 14. Rab1 Rc7
15. Qxf6 Nxf6 16. Nd4 Ne4 17. Rfc1 Nxc5 18. c4 dxc4 19. Bxc4 Bxc4 20. Rxc4 b6
21. Rbc1 Rac8 22. Nb5 Rd7 23. Nd4 Rdc7 24. Nb5 Rd7 25. Nd4 Rdc7 26. Nb5 1/2-1/2

[Event "53rd Rilton Cup 2025-26"]
[Site "Stockholm SWE"]
[Date "2025.12.30"]
[Round "4.3"]
[White "Jain, Kashish Manoj"]
[Black "Demchenko, Anton"]
[Result "0-1"]
[WhiteTitle "IM"]
[BlackTitle "GM"]
[WhiteElo "2396"]
[BlackElo "2631"]
[WhiteFideId "35081098"]
[BlackFideId "4160258"]
[EventDate "2025.12.27"]

1. e4 e5 2. Nf3 Nc6 3. Bc4 d6 4. d4 exd4 5. Nxd4 Nf6 6. O-O Be7 7. Re1 O-O 8.
Nc3 Ne5 9. Bf1 Re8 10. h3 Bf8 11. f4 Ng6 12. f5 Ne5 13. Bg5 c6 14. Kh1 h6 15.
Bf4 Qb6 16. a3 Bd7 17. Nf3 Rad8 18. Be3 Qa5 19. Nxe5 Qxe5 20. Bd4 Qf4 21. Bd3 d5
22. Rf1 Qd6 23. exd5 cxd5 24. Nb5 Qg3 25. Qf3 Qh4 26. Qf4 Qxf4 27. Rxf4 Ne4 28.
Nc7 Ng3+ 29. Kg1 Ne2+ 30. Bxe2 Rxe2 31. Nxd5 Rxc2 32. Nb4 Rc4 33. Raf1 Rxd4 34.
Rxd4 Bc5 35. Rf4 Ba4 0-1